Základy ekonómie a ekonomiky

Gespeichert in:
Bibliographische Detailangaben
1. Verfasser: Hontyová, Kajetána
Körperschaft: Ekonomická univerzita v Bratislave
Weitere Verfasser: Lisý, Ján, Majdúchová, Helena, 1963-, Korčmároš, Ján, Neumannová, Anna
Format: Buch
Sprache:Slowakisch
Veröffentlicht: Bratislava Vydavateľstvo EKONÓM 2014
Ausgabe:10. aktualiz. a preprac. vyd.
Schlagworte:
Tags: Tag hinzufügen
Keine Tags, Fügen Sie das erste Tag hinzu!

MARC

LEADER 00000nam a2200000 4500
001 0183622
005 20240502073137.6
020 |a 978-80-225-3823-7 
041 0 |a slo 
044 |a SK 
245 1 0 |a Základy ekonómie a ekonomiky  |c Ján Lisý a kolektív ; recenzenti: Ján Korčmároš, Anna Neumannová 
250 |a 10. aktualiz. a preprac. vyd. 
264 1 |a Bratislava  |b Vydavateľstvo EKONÓM  |c 2014 
300 |a 198 s. [10,74 AH] 
610 2 0 |a ekonómia 
610 2 0 |a veda ekonomická 
610 2 0 |a myslenie ekonomické 
610 2 0 |a vývoj 
610 2 0 |a výroba tovaru 
610 2 0 |a trh 
610 2 0 |a dopyt 
610 2 0 |a ponuka 
610 2 0 |a faktory výrobné 
610 2 0 |a trh práce 
610 2 0 |a pôda 
610 2 0 |a trh kapitálový 
610 2 0 |a podnik 
610 2 0 |a podnikanie 
610 2 0 |a makroekonomika 
610 2 0 |a výkonnosť ekonomiky 
610 2 0 |a vývoj hospodársky 
610 2 0 |a peniaze 
610 2 0 |a inflácia 
610 2 0 |a nezamestnanosť 
610 2 0 |a politika hospodárska 
610 2 0 |a politika menová 
610 2 0 |a politika fiškálna 
610 2 0 |a rast hospodársky 
610 2 0 |a vzťahy hospodárske medzinárodné 
610 2 0 |a sústava menová 
610 2 0 |a integrácia ekonomická medzinárodná 
610 2 0 |a globalizácia 
100 1 |a Hontyová, Kajetána 
700 1 |a Lisý, Ján 
700 1 |a Majdúchová, Helena, 1963- 
700 1 |a Korčmároš, Ján 
700 1 |a Neumannová, Anna 
710 2 |a Ekonomická univerzita v Bratislave